LEADER 01601nas 2200361 n 450 001 990008979400403321 005 20240229084432.0 011 $a1016-0345 035 $a000897940 035 $aFED01000897940 035 $a(Aleph)000897940FED01 035 $a000897940 091 $2CNR$aP 00138925 100 $a20161109b19802001km-y0itaa50------ba 101 0 $aeng 110 $aauu-------- 200 1 $aInternational capital markets 207 1$a1980-2001 210 $aWashington$cInternational Monetary Fund 422 0$12001$aWorld economic and financial surveys 530 0 $aInternational capital markets 676 $a332/.042/05 712 02$aFondo Monetario Internazionale 801 0$aIT$bACNP$c20090723 859 4 $uhttp://acnp.cib.unibo.it/cgi-ser/start/it/cnr/dc-p1.tcl?catno=73065&person=false&language=ITALIANO&libr=&libr_th=unina1$zBiblioteche che possiedono il periodico 901 $aSE 912 $a990008979400403321 958 $aBiblioteca Centrale della Facoltà di Giurisprudenza dell'Università di Napoli Federico II$b1981-1984;$ePer.est. 567 EC.POL.$fFGBC 959 $aFGBC 996 $aInternational Capital Markets$9461841 997 $aUNINA AP1 8 $6866-01$aNA073 Biblioteca Centrale della Facoltà di Giurisprudenza dell'Università di Napoli Federico II$bPer.est. 567 EC.POL.$eCorso Umberto I, 80138 Napoli (NA)$m0812537531/33$m0812537532$nit AP2 40$aacnp.cib.unibo.it$nACNP Italian Union Catalogue of Serials$uhttp://acnp.cib.unibo.it/cgi-ser/start/it/cnr/df-p.tcl?catno=73065&language=ITALIANO&libr=&person=&B=1&libr_th=unina&proposto=NO